[Event "World Blitz"]
[Site "Moscow RUS"]
[Date "2007.11.21"]
[Round "7"]
[White "Ponomariov, R."]
[Black "Ivanchuk, V."]
[Result "1/2-1/2"]
[WhiteElo "2705"]
[BlackElo "2787"]
[PlyCount "137"]
[EventDate "2007.11.21"]
[Source "www.chesslib.no"]
[SourceDate "2004.05.04"]

1. d4 Nf6 2. c4 g6 3. Nf3 Bg7 4. g3 c6 5. Nc3 d5 6. Qb3 O-O 7. Bg2 Qb6 8. c5 Qxb3 9. axb3 Bg4 10. b4 a6 11. Ne5 Nbd7 12. Bf4 Bf5 13. h3 h5 14. f3 Rfd8 15. g4 Be6 16. e3 hxg4 17. hxg4 Nxe5 18. Bxe5 Nd7 19. Bxg7 Kxg7 20. Kf2 Rh8 21. g5 f6 22. gxf6+ Nxf6 23. Rag1 Rxh1 24. Rxh1 Rf8 25. Ke2 Bd7 26. Nd1 Re8 27. Nf2 e5 28. dxe5 Rxe5 29. Nd3 Re7 30. Kd2 Bf5 31. Nf4 Nd7 32. Ne2 Nf8 33. Nd4 Ne6 34. Nxf5+ gxf5 35. Rh5 f4 36. e4 dxe4 37. fxe4 Nd4 38. Kd3 Rd7 39. e5 Kg6 40. Rh8 Ne6+ 41. Ke2 Rd4 42. Bh3 Ng5 43. Rg8+ Kh6 44. Bf5 f3+ 45. Ke3 f2 46. Rh8+ Kg7 47. Rh1 Rxb4 48. Rf1 Nf7 49. e6 Nh6 50. Rxf2 Kf6 51. Bh3+ Ke7 52. Rd2 Ng4+ 53. Bxg4 Rxg4 54. Rd7+ Kxe6 55. Rxb7 Kd5 56. Kd3 Kxc5 57. Kc2 a5 58. Rh7 Kb5 59. Kb3 Rg3+ 60. Ka2 a4 61. Rh5+ c5 62. Rh4 c4 63. Rh8 Kb4 64. Rb8+ Kc5 65. Rc8+ Kd4 66. Ra8 Rg2 67. Rxa4 Kc5 68. Ra3 Kb5 69. Rc3 1/2-1/2

[Event "XXIII Rapid Open"]
[Site "Villarrobledo SPA"]
[Date "2008.08.03"]
[Round "8"]
[White "Mamedyarov, S."]
[Black "Shirov, A."]
[Result "1/2-1/2"]
[WhiteElo "2742"]
[BlackElo "2741"]
[PlyCount "63"]
[EventDate "2008.08.02"]
[Source "www.chesslib.no"]
[SourceDate "2004.05.04"]

1. d4 Nf6 2. c4 g6 3. Nf3 Bg7 4. g3 O-O 5. Bg2 c6 6. Nc3 d5 7. cxd5 cxd5 8. Ne5 e6 9. Bg5 Qb6 10. Qd2 Nfd7 11. Be3 Nc6 12. Nxc6 bxc6 13. Rc1 a5 14. b3 Ba6 15. Na4 Qb7 16. Bh6 Bxh6 17. Qxh6 Qb4+ 18. Qd2 Bb5 19. Nc5 Nxc5 20. Rxc5 Qxd2+ 21. Kxd2 a4 22. b4 a3 23. e4 Rfb8 24. Kc3 Ra4 25. Rb1 Bc4 26. Rxc4 dxc4 27. e5 Rb6 28. Kxc4 Kf8 29. Kc5 Rb5+ 30. Kc4 Rb6 31. Kc5 Rb5+ 32. Kc4 1/2-1/2

[Event "Corsica Masters rap 6th"]
[Site "?"]
[Date "2002.11.04"]
[Round "4.5"]
[White "Karpov Anatoly"]
[Black "Anand Viswanathan"]
[Result "0-1"]
[WhiteElo "2688"]
[BlackElo "2755"]
[PlyCount "68"]
[EventDate "2002.??.??"]
[Source "www.chesslib.no"]
[SourceDate "2004.05.04"]

1. d4 Nf6 2. c4 g6 3. Nf3 Bg7 4. g3 d5 5. Bg2 dxc4 6. Na3 c5 7. O-O O-O 8. Nxc4 Be6 9. b3 Nc6 10. Bb2 Bxc4 11. bxc4 Ne8 12. e3 Nd6 13. Qe2 cxd4 14. exd4 Nf5 15. d5 Bxb2 16. Qxb2 Na5 17. Rac1 b6 18. Ne5 Rc8 19. Rfd1 Rc5 20. h4 Qc7 21. Qe2 Nd6 22. Nc6 Re8 23. Re1 e5 24. h5 Nxc6 25. dxc6 e4 26. hxg6 hxg6 27. Red1 Qxc6 28. Rd4 Rce5 29. Rcd1 Nf5 30. Rd5 Qf6 31. a4 e3 32. f4 Nxg3 33. Qf3 Qxf4 34. Rxe5 Rxe5 0-1

[Event "Poikovsky RUS"]
[Site "?"]
[Date "2005.03.01"]
[Round "4"]
[White "Vaganian Rafael Agred"]
[Black "Svidler Peter"]
[Result "1/2-1/2"]
[WhiteElo "2670"]
[BlackElo "2735"]
[PlyCount "37"]
[EventDate "2005.??.??"]
[Source "www.chesslib.no"]
[SourceDate "2004.05.04"]

1. d4 Nf6 2. c4 g6 3. Nf3 Bg7 4. g3 O-O 5. Bg2 c6 6. Nc3 d5 7. cxd5 cxd5 8. Ne5 e6 9. Bg5 Qb6 10. Qd2 Nfd7 11. Nf3 Nc6 12. Rd1 Nf6 13. O-O Bd7 14. Bh6 Rfc8 15. Bxg7 Kxg7 16. h4 Be8 17. Rfe1 Na5 18. Ne5 Nc4 19. Nxc4 1/2-1/2

[Event "Calviá ol (Men)"]
[Site "Mallorca"]
[Date "2004.10.27"]
[Round "12.5"]
[White "Sasikiran, Krishnan"]
[Black "Sutovsky, Emil"]
[Result "1/2-1/2"]
[WhiteElo "2668"]
[BlackElo "2697"]
[PlyCount "125"]
[EventDate "2004.10.15"]
[Source "Roberto Alvarez"]
[SourceDate "2004.10.25"]

1. d4 Nf6 2. c4 g6 3. g3 Bg7 4. Bg2 d5 5. cxd5 Nxd5 6. Nf3 c5 7. e4 Nb6 8. d5 Bg4 9. h3 Bxf3 10. Qxf3 O-O 11. O-O N8d7 12. Nc3 c4 13. Qe2 Ne5 14. Be3 Nd3 15. a4 Nd7 16. a5 b5 17. axb6 axb6 18. f4 Rxa1 19. Rxa1 Bxc3 20. bxc3 b5 21. Qa2 N7c5 22. Qa7 Nb3 23. Ra6 b4 24. cxb4 Nxb4 25. Ra4 Qb8 26. Qxe7 Nc2 27. Bf2 Nd2 28. Kh2 Qb2 29. g4 Ne1 30. Qa3 Qxa3 31. Rxa3 Nxg2 32. Kxg2 Nxe4 33. Kf3 f5 34. gxf5 gxf5 35. Ra7 Rd8 36. Bd4 Rxd5 37. Ke3 Rb5 38. Rg7+ Kf8 39. Rxh7 Rb3+ 40. Ke2 Rd3 41. Be5 Ng3+ 42. Ke1 c3 43. Rc7 Ne4 44. h4 Rh3 45. h5 Rh1+ 46. Ke2 Rh2+ 47. Kd3 Rxh5 48. Kd4 Ke8 49. Kd5 Kd8 50. Rc4 Rh6 51. Bxc3 Nxc3+ 52. Rxc3 Ra6 53. Rc5 Ke7 54. Ke5 Rb6 55. Rc7+ Kf8 56. Kxf5 Ra6 57. Rc5 Kf7 58. Rc7+ Kf8 59. Kg5 Kg8 60. f5 Kf8 61. Rc1 Rb6 62. Re1 Kf7 63. Rh1 1/2-1/2

[Event "Bugojno"]
[Site "?"]
[Date "1986.??.??"]
[Round "?"]
[White "Karpov, Anatoly"]
[Black "Timman, Jan H"]
[Result "1-0"]
[WhiteElo "2700"]
[BlackElo "2645"]
[PlyCount "141"]
[EventDate "1986.??.??"]
[Source "www.chesslib.no"]
[SourceDate "2004.05.04"]

1. Nf3 Nf6 2. c4 g6 3. d4 Bg7 4. g3 O-O 5. Bg2 c6 6. Nc3 d5 7. cxd5 cxd5 8. Ne5 e6 9. Bg5 Qb6 10. Qd2 Nfd7 11. Nf3 Nc6 12. Rd1 Nf6 13. O-O Bd7 14. Bxf6 Bxf6 15. e4 Qa5 16. Qf4 Bg7 17. Rfe1 Rad8 18. exd5 exd5 19. Ne5 Be6 20. a3 Qb6 21. b4 a5 22. b5 Ne7 23. Bf1 Qd6 24. Na4 Bc8 25. Qc1 Nf5 26. Qc5 Rfe8 27. Qxd6 Rxd6 28. f4 g5 29. Bh3 gxf4 30. gxf4 Nh4 31. Bxc8 Rxc8 32. Rc1 Re8 33. Kf2 Rf6 34. Nd3 Rxe1 35. Rc8+ Bf8 36. Kxe1 Kg7 37. Rb8 Nf3+ 38. Kd1 Nxd4 39. Rxb7 Bxa3 40. b6 Rg6 41. Ne5 Rf6 42. Rd7 Nc6 43. b7 Nb8 44. Rd8 Rxf4 45. Nc3 Be7 46. Rxb8 Bd6 47. Re8 Rb4 48. Nf3 Rxb7 49. Rd8 Bb4 50. Nxd5 a4 51. Nxb4 Rxb4 52. Ra8 Kg6 53. Ke2 f6 54. Ra5 h5 55. Ke3 h4 56. Nd4 Rc4 57. Kd3 Rb4 58. Kc3 Rb1 59. Rxa4 Rf1 60. Kc4 Kg5 61. Ra3 Rf2 62. Kd5 Kg4 63. h3+ Kf4 64. Ke6 Rd2 65. Nf5 Kg5 66. Rf3 Ra2 67. Ne7 Ra6+ 68. Kf7 Ra5 69. Rxf6 Ra3 70. Rf5+ Kh6 71. Ng8+ 1-0

[Event "Beograd"]
[Site "?"]
[Date "1995.??.??"]
[Round "?"]
[White "Ivanchuk, V."]
[Black "Leko, P."]
[Result "1-0"]
[WhiteElo "2740"]
[BlackElo "2605"]
[PlyCount "127"]
[EventDate "1995.??.??"]
[Source "ChessBase"]
[SourceDate "1995.10.01"]

1. d4 Nf6 2. c4 g6 3. g3 c6 4. Nc3 d5 5. Qb3 Bg7 6. Bg2 O-O 7. Nf3 Qb6 8. h3 dxc4 9. Qxc4 Be6 10. Qa4 Na6 11. O-O Qb4 12. Qc2 c5 13. dxc5 Qxc5 14. Be3 Qc8 15. Ng5 Bd5 16. Qa4 Bxg2 17. Kxg2 Nb8 18. Qh4 Nc6 19. Rfd1 h5 20. Qf4 Qb8 21. Qc4 Qe5 22. Qb3 b6 23. Rac1 Qc7 24. Nd5 Qb7 25. Nf3 Na5 26. Qb5 Nxd5 27. Rxd5 Rac8 28. Rd7 Qe4 29. b3 Rxc1 30. Bxc1 Nc6 31. Rc7 Nd4 32. Qa4 a5 33. Be3 e5 34. Re7 Qd5 35. Qd7 Qxd7 36. Rxd7 Nxe2 37. Bxb6 Nc1 38. Bxa5 Nxa2 39. Ng5 Bh6 40. h4 f6 41. Ne4 f5 42. Ng5 Bxg5 43. hxg5 Rb8 44. Rd6 Kg7 45. Bd8 Rb5 46. Bf6+ Kf7 47. Rd7+ Kf8 48. Rg7 Nc3 49. Rxg6 Ne4 50. Bh8 f4 51. b4 Rxb4 52. gxf4 exf4 53. f3 Nc5 54. Rh6 Ra4 55. g6 Ra6 56. Bd4 Ne6 57. Bf6 Ke8 58. Rh7 Rc6 59. Kh2 Ra6 60. Rxh5 Ra2+ 61. Kh3 Ra6 62. Kg4 Rc6 63. Rh7 Ra6 64. Kf5 1-0

[Event "Beograd"]
[Site "?"]
[Date "1996.??.??"]
[Round "?"]
[White "Karpov, Anatoly"]
[Black "Popovic, P."]
[Result "1/2-1/2"]
[WhiteElo "2770"]
[BlackElo "2570"]
[PlyCount "63"]
[EventDate "1996.??.??"]
[Source "ChessBase"]
[SourceDate "1996.06.01"]

1. Nf3 Nf6 2. d4 g6 3. g3 Bg7 4. Bg2 d5 5. c4 dxc4 6. Na3 c5 7. O-O Nc6 8. dxc5 Qa5 9. Nd4 O-O 10. Nxc6 bxc6 11. Nxc4 Qxc5 12. b3 Nd5 13. Ba3 Qb5 14. Rc1 Bg4 15. h3 Be6 16. e4 Nc3 17. Qc2 Bxc4 18. bxc4 Qxc4 19. Rfe1 Qe6 20. e5 Nb5 21. Bb2 Qxa2 22. Ra1 Qe6 23. Ra6 Rac8 24. f4 Rfd8 25. Rc1 h5 26. h4 Nd4 27. Bxd4 Rxd4 28. Kh2 Rcd8 29. Rxc6 Qg4 30. Rc8 Bf8 31. Rxd8 Rxd8 32. Qf2 1/2-1/2

[Event "FRA-chT 9900"]
[Site "France"]
[Date "2000.04.30"]
[Round "10.1"]
[White "Gelfand, Boris"]
[Black "Van Wely, Loek"]
[Result "1/2-1/2"]
[WhiteElo "2692"]
[BlackElo "2639"]
[PlyCount "35"]
[EventDate "2000.02.04"]
[Source "www.chesslib.no"]
[SourceDate "2004.05.04"]

1. d4 Nf6 2. c4 g6 3. Nf3 Bg7 4. g3 d5 5. cxd5 Nxd5 6. Bg2 Nb6 7. O-O Nc6 8. e3 e5 9. Nc3 exd4 10. exd4 h6 11. Re1+ Ne7 12. Qe2 c6 13. a4 a5 14. h4 Be6 15. Ne5 O-O 16. Nxf7 Bxf7 17. Qxe7 Re8 18. Qxd8 1/2-1/2

[Event "San Roque"]
[Site "San Roque"]
[Date "1996.??.??"]
[Round "4"]
[White "Ehlvest, Jaan"]
[Black "Azmaiparashvili, Zurab"]
[Result "1/2-1/2"]
[WhiteElo "2660"]
[BlackElo "2660"]
[PlyCount "29"]
[EventDate "1996.02.??"]
[Source "ChessBase"]
[SourceDate "1997.04.10"]

1. d4 Nf6 2. Nf3 g6 3. c4 Bg7 4. g3 c6 5. Bg2 d5 6. cxd5 cxd5 7. Nc3 Ne4 8. Nxe4 dxe4 9. Ne5 Bxe5 10. dxe5 Qxd1+ 11. Kxd1 Bf5 12. g4 Bxg4 13. Bxe4 Nc6 14. Bxc6+ bxc6 15. f3 1/2-1/2

[Event "TCh-RUS"]
[Site "Togliatti"]
[Date "2003.05.25"]
[Round "10"]
[White "Vaganian, Rafael A"]
[Black "Smirin, Ilia"]
[Result "1/2-1/2"]
[WhiteElo "2653"]
[BlackElo "2662"]
[PlyCount "32"]
[EventDate "2003.05.16"]
[Source "Roberto Alvarez"]
[SourceDate "2003.05.26"]

1. d4 Nf6 2. c4 g6 3. g3 c6 4. Nf3 Bg7 5. Bg2 O-O 6. Nc3 d5 7. cxd5 cxd5 8. Ne5 e6 9. Bg5 Qb6 10. Qd2 Nbd7 11. f4 Nxe5 12. fxe5 Nd7 13. Be7 Re8 14. Ba3 f6 15. exf6 Nxf6 16. O-O Bd7 1/2-1/2

[Event "Calviá ol (Men)"]
[Site "Mallorca"]
[Date "2004.10.22"]
[Round "7.4"]
[White "Vaganian, Rafael A"]
[Black "Smirin, Ilia"]
[Result "1-0"]
[WhiteElo "2640"]
[BlackElo "2673"]
[PlyCount "81"]
[EventDate "2004.10.15"]
[Source "Roberto Alvarez"]
[SourceDate "2004.10.25"]

1. d4 Nf6 2. c4 g6 3. g3 c6 4. Nf3 Bg7 5. Bg2 d5 6. Qb3 O-O 7. O-O a5 8. Bf4 a4 9. Qb4 Nbd7 10. Na3 dxc4 11. Qxc4 Nb6 12. Qc1 Be6 13. Bh6 Bd5 14. Rd1 Qd6 15. Bxg7 Kxg7 16. Ne5 Bxg2 17. Kxg2 Rfd8 18. f3 Rac8 19. Nac4 Nxc4 20. Nxc4 Qe6 21. e4 b5 22. Ne3 Nxe4 23. fxe4 Qxe4+ 24. Kf2 Rxd4 25. Qc2 Qe5 26. Rxd4 Qxd4 27. Rd1 Qf6+ 28. Ke2 Qe6 29. a3 Qh3 30. Ke1 h5 31. Rd4 e5 32. Rd6 h4 33. Qe4 Qxh2 34. Qxe5+ Kh7 35. Nf1 Qh3 36. Qe7 Qf5 37. Ne3 Qb1+ 38. Nd1 Kg8 39. gxh4 c5 40. h5 gxh5 41. Rd5 1-0

[Event "Biel"]
[Site "?"]
[Date "1996.??.??"]
[Round "?"]
[White "Andersson, U."]
[Black "Glek, I."]
[Result "1/2-1/2"]
[WhiteElo "2640"]
[BlackElo "2670"]
[PlyCount "97"]
[EventDate "1996.??.??"]
[Source "ChessBase"]
[SourceDate "1996.06.01"]

1. Nf3 Nf6 2. d4 g6 3. g3 Bg7 4. Bg2 d5 5. c4 c6 6. cxd5 cxd5 7. Nc3 Nc6 8. Ne5 Bd7 9. O-O e6 10. Bg5 h6 11. Bxf6 Bxf6 12. Nxd7 Qxd7 13. e4 dxe4 14. d5 exd5 15. Nxd5 Bg7 16. Bxe4 Rd8 17. Qa4 O-O 18. Rad1 Qg4 19. Ne3 Qc8 20. b3 Rfe8 21. Bxc6 Qxc6 22. Qxc6 bxc6 23. Rxd8 Rxd8 24. Rc1 Bd4 25. Nc4 Rd5 26. Kg2 Kf8 27. Re1 Bb6 28. Re2 Bc7 29. f4 h5 30. Kf3 Rd3+ 31. Ke4 Rd5 32. Rd2 f5+ 33. Ke3 Ke7 34. Rxd5 cxd5 35. Nd2 Ke6 36. Nf3 Bb6+ 37. Kd3 Bc5 38. Kc3 a5 39. Kd3 Bb6 40. Nd4+ Kd7 41. Nf3 Ke6 42. Ke2 Bc7 43. Nd4+ Kd7 44. Ke3 Bb6 45. Kd3 Bc5 46. Kc3 Bb4+ 47. Kc2 Bc5 48. Kd3 Bb6 49. Nf3 1/2-1/2

[Event "Reggio Emilia91 Top16"]
[Site "Reggio Emilia"]
[Date "1991.??.??"]
[Round "?"]
[White "Kamsky, Gata"]
[Black "Ehlvest, Jaan"]
[Result "1/2-1/2"]
[WhiteElo "2640"]
[BlackElo "2650"]
[PlyCount "42"]
[EventDate "1991.01.??"]
[Source "ChessBase"]

1. d4 Nf6 2. Nf3 d5 3. c4 dxc4 4. g3 g6 5. Bg2 Bg7 6. Qa4+ Nfd7 7. Na3 c5 8. dxc5 Nc6 9. O-O Nxc5 10. Qxc4 Ne6 11. Rb1 O-O 12. Be3 Ned4 13. Nxd4 Nxd4 14. Rbd1 e5 15. Bxd4 exd4 16. Nb5 Be6 17. Qd3 Qb6 18. Nxd4 Rfd8 19. e3 Bxa2 20. Rd2 Bd5 21. Bxd5 Rxd5 1/2-1/2

[Event "4. IECC"]
[Site "?"]
[Date "2003.06.05"]
[Round "6"]
[White "Dautov Rustem"]
[Black "Azmaiparashvili Zurab"]
[Result "1/2-1/2"]
[WhiteElo "2611"]
[BlackElo "2678"]
[PlyCount "26"]
[EventDate "2003.??.??"]
[Source "www.chesslib.no"]
[SourceDate "2004.05.04"]

1. d4 Nf6 2. c4 g6 3. g3 c6 4. Nf3 Bg7 5. Bg2 d5 6. cxd5 cxd5 7. Ne5 Ne4 8. Nd2 Nxd2 9. Bxd2 Nd7 10. Bf4 Qa5+ 11. Qd2 Qxd2+ 12. Kxd2 Nxe5 13. Bxe5 f6 1/2-1/2

[Event "It"]
[Site "Ashdod"]
[Date "2004.12.12"]
[Round "3"]
[White "Avrukh, Boris"]
[Black "Smirin, I."]
[Result "1/2-1/2"]
[WhiteElo "2614"]
[BlackElo "2673"]
[PlyCount "33"]
[EventDate "2004.12.10"]
[Source "Roberto Alvarez"]
[SourceDate "2004.12.13"]

1. d4 Nf6 2. c4 g6 3. Nf3 Bg7 4. g3 c6 5. Bg2 d5 6. Qb3 a5 7. Bf4 dxc4 8. Qxc4 Nd5 9. Bd2 b6 10. Qc1 Ba6 11. Bh6 O-O 12. Bxg7 Kxg7 13. Nc3 Nd7 14. Qd2 Rc8 15. Rc1 N7f6 16. Ne5 Qd6 17. O-O 1/2-1/2

[Event "Bundesliga 9697"]
[Site "Germany"]
[Date "1997.03.02"]
[Round "?.1"]
[White "Khalifman, Alexander"]
[Black "Glek, Igor V"]
[Result "1/2-1/2"]
[WhiteElo "2650"]
[BlackElo "2620"]
[PlyCount "35"]
[EventDate "1996.10.??"]
[Source "ChessBase"]
[SourceDate "1999.07.01"]

1. d4 Nf6 2. c4 g6 3. Nf3 Bg7 4. g3 c6 5. Bg2 d5 6. Qb3 a5 7. O-O a4 8. Qb4 O-O 9. Na3 dxc4 10. Qxc4 Bf5 11. Rd1 Be4 12. Bf4 Nbd7 13. Qc1 Rc8 14. Bh6 c5 15. Bxg7 Kxg7 16. Qe3 Qb6 17. Rd2 cxd4 18. Qxd4 1/2-1/2

[Event "Moscow RUS"]
[Site "?"]
[Date "2006.02.08"]
[Round "1"]
[White "Bocharov Dmitry"]
[Black "Areshchenko Alexander"]
[Result "0-1"]
[WhiteElo "2590"]
[BlackElo "2670"]
[PlyCount "168"]
[EventDate "2006.??.??"]
[Source "www.chesslib.no"]
[SourceDate "2004.05.04"]

1. d4 Nf6 2. Nf3 g6 3. c4 Bg7 4. g3 d5 5. Bg2 dxc4 6. Qa4+ Nfd7 7. Nbd2 a6 8. Qxc4 Nc6 9. O-O O-O 10. Nb3 a5 11. Rd1 a4 12. Nc5 Nxc5 13. Qxc5 Be6 14. e4 Bg4 15. Be3 Qd6 16. Qc4 Qb4 17. Rac1 Qxc4 18. Rxc4 a3 19. b3 Rfd8 20. Rd2 Na5 21. Ra4 Nc6 22. d5 Rxa4 23. bxa4 Nb4 24. Bc5 Bc3 25. Re2 Nxd5 26. exd5 Rxd5 27. Bxa3 Rd1+ 28. Bf1 Bh3 29. Ne1 Bxe1 30. Bxh3 Bb4+ 31. Bf1 Bxa3 32. Rc2 b6 33. Kg2 Bd6 34. Bb5 Kg7 35. h3 Kf6 36. Kf3 h5 37. h4 Ke5 38. Re2+ Kf6 39. Rc2 e6 40. Bc6 Rd3+ 41. Kg2 Ke7 42. Bb5 Rd4 43. Kf3 Rd5 44. Ke2 Re5+ 45. Kf1 Re4 46. Rc4 Re5 47. Rc2 Rf5 48. Bd3 Rd5 49. Bb5 Bc5 50. Ke2 Kd6 51. Rc3 c6 52. Bd3 Re5+ 53. Kf1 Bb4 54. Rc2 Ra5 55. Rb2 Bc5 56. Rd2 Kc7 57. Bc2 Bb4 58. Rd3 Bd6 59. Rf3 f5 60. Bb3 Re5 61. Rc3 Bb4 62. Rc1 Re4 63. Rc2 Re1+ 64. Kg2 Kd6 65. Kf3 c5 66. Re2 Rxe2 67. Kxe2 Ke5 68. f4+ Kf6 69. Kf3 Be1 70. Bc4 e5 71. fxe5+ Kxe5 72. Bf7 Kf6 73. Bc4 g5 74. hxg5+ Kxg5 75. Bd3 Bc3 76. Bc4 Be5 77. Bd3 f4 78. gxf4+ Bxf4 79. Ke4 h4 80. Be2 h3 81. Bf3 Bd2 82. Kd3 Kf4 83. Bc6 Bb4 84. Bd5 Kg3 0-1

[Event "Hoogovens"]
[Site "Wijk aan Zee"]
[Date "1997.01.25"]
[Round "6"]
[White "Illescas Cordoba, Miguel"]
[Black "Glek, Igor V"]
[Result "1/2-1/2"]
[WhiteElo "2635"]
[BlackElo "2620"]
[PlyCount "127"]
[EventDate "1997.01.18"]
[Source "ChessBase"]
[SourceDate "1997.04.10"]

1. d4 Nf6 2. c4 g6 3. g3 c6 4. Bg2 d5 5. cxd5 cxd5 6. Nf3 Bg7 7. Nc3 Nc6 8. Ne5 Bd7 9. O-O e6 10. h3 O-O 11. Bg5 h6 12. Be3 Ne8 13. f4 Nd6 14. Bf2 Be8 15. Rc1 f5 16. Na4 Ne4 17. Nc5 Nxc5 18. Rxc5 Rc8 19. Qd2 b6 20. Rc3 Nxe5 21. dxe5 Rf7 22. Rfc1 Rfc7 23. g4 Rxc3 24. Rxc3 Rxc3 25. Qxc3 Bf8 26. gxf5 gxf5 27. Bf3 Be7 28. Kg2 Kf8 29. b3 Qd7 30. a4 Qc6 31. Qe1 Qc7 32. Bh4 Qd8 33. Bxe7+ Qxe7 34. a5 Kg7 35. axb6 axb6 36. Qf2 Qc7 37. Qg3+ Kh7 38. Qe1 Qe7 39. Qa1 Kg7 40. Qa6 Qc7 41. Qa1 Kf8 42. Qa8 d4 43. Qa1 d3 44. Qa3+ Kg7 45. exd3 Qc2+ 46. Kg3 Bf7 47. Qe7 Qxd3 48. Qf6+ Kg8 49. Qxh6 Qxb3 50. Qg5+ Kh7 51. Qh4+ Kg8 52. Qd8+ Kh7 53. Qc7 Kg7 54. Qd8 Qe3 55. Qg5+ Kh7 56. Qh4+ Kg8 57. Qd8+ Kh7 58. Qh4+ Kg8 59. Qg5+ Kh7 60. h4 Qe1+ 61. Kg2 Qd2+ 62. Kg3 Qe1+ 63. Kg2 Qd2+ 64. Kg3 1/2-1/2

[Event "5th IECC Playoff Bronze"]
[Site "Antalya"]
[Date "2004.05.30"]
[Round "1"]
[White "Aronian, Levon"]
[Black "Miroshnichenko, Evgenij"]
[Result "0-1"]
[WhiteElo "2645"]
[BlackElo "2599"]
[PlyCount "58"]
[EventDate "2004.05.30"]
[Source "Roberto Alvarez"]
[SourceDate "2004.05.31"]

1. d4 Nf6 2. c4 g6 3. Nf3 Bg7 4. Nc3 O-O 5. g3 c6 6. Bg2 d5 7. Qb3 dxc4 8. Qxc4 Bg4 9. O-O Nbd7 10. Rd1 Nb6 11. Qd3 Qc8 12. e4 Rd8 13. Qc2 e5 14. dxe5 Rxd1+ 15. Nxd1 Nfd7 16. Ne3 Nxe5 17. Nxe5 Bxe5 18. Bd2 Bh3 19. Bxh3 Qxh3 20. Bc3 Bxc3 21. Qxc3 Qe6 22. Qd4 Re8 23. f3 Qe5 24. Qd2 h5 25. Rd1 Qc5 26. Rc1 Qe7 27. Qa5 Qf6 28. Qxa7 Qxb2 29. Rd1 Ra8 0-1

[Event "Campionato europeo 2007"]
[Site "Dresda GER"]
[Date "2007.04.07"]
[Round "5.3"]
[White "Potkin, Vladimir"]
[Black "Avrukh, Boris"]
[Result "1/2-1/2"]
[WhiteElo "2593"]
[BlackElo "2644"]
[PlyCount "23"]
[EventDate "2007.04.03"]
[Source "www.chesslib.no"]
[SourceDate "2004.05.04"]

1. d4 Nf6 2. Nf3 g6 3. c4 Bg7 4. g3 c6 5. Bg2 d5 6. Qb3 O-O 7. O-O dxc4 8. Qxc4 Bf5 9. Bf4 Nbd7 10. Rd1 Qb6 11. Qc1 Ne4 12. Nc3 1/2-1/2

[Event "OHRA"]
[Site "Amsterdam"]
[Date "1988.??.??"]
[Round "?"]
[White "Nikolic, Predrag"]
[Black "Nunn, John DM"]
[Result "1/2-1/2"]
[WhiteElo "2610"]
[BlackElo "2625"]
[PlyCount "40"]
[EventDate "1988.07.??"]
[Source "ChessBase"]

1. Nf3 Nf6 2. c4 g6 3. g3 Bg7 4. Bg2 c6 5. Nc3 d5 6. cxd5 cxd5 7. d4 O-O 8. Ne5 e6 9. Bg5 Qb6 10. Qd2 Nbd7 11. Be3 Ne8 12. f4 Nd6 13. b3 f6 14. Nd3 f5 15. Ne5 Nf6 16. h3 Bd7 17. g4 Rfd8 18. O-O Be8 19. Kh2 Rac8 20. Rac1 Rc7 1/2-1/2

[Event "Bled ol (Men)"]
[Site "?"]
[Date "2002.10.30"]
[Round "5"]
[White "Azmaiparashvili Zurab"]
[Black "Kozul Zdenko"]
[Result "1-0"]
[WhiteElo "2666"]
[BlackElo "2565"]
[PlyCount "109"]
[EventDate "2002.??.??"]
[Source "www.chesslib.no"]
[SourceDate "2004.05.04"]

1. g3 g6 2. Bg2 Bg7 3. d4 d5 4. Nf3 Nf6 5. c4 dxc4 6. Na3 c3 7. bxc3 O-O 8. Rb1 c5 9. Ne5 Nd5 10. Qd3 Nc6 11. Nxc6 bxc6 12. O-O Qa5 13. Bxd5 cxd5 14. Rb5 Qa4 15. Rxc5 Ba6 16. Qd1 Qxd1 17. Rxd1 e6 18. Kf1 Rfb8 19. Ra5 Rb6 20. Nc2 Rc8 21. Nb4 Bb7 22. Bd2 a6 23. Rb1 Bf8 24. Rb3 Bxb4 25. cxb4 Rb5 26. a4 Rxa5 27. bxa5 Rc7 28. Bf4 Rd7 29. g4 Kf8 30. g5 Ke8 31. Be5 Kd8 32. Rc3 Ke8 33. Kg2 Rd8 34. Kf3 Rc8 35. Rb3 Bc6 36. Rb6 Bxa4 37. Rxa6 Bd1 38. Ke3 Rc2 39. Ra8+ Kd7 40. Ra7+ Ke8 41. Bf6 Rxe2+ 42. Kd3 Ra2 43. Kc3 Rc2+ 44. Kb4 Rc4+ 45. Kb5 Ba4+ 46. Kb6 Rb4+ 47. Kc7 Rc4+ 48. Kd6 Rc6+ 49. Ke5 Bb5 50. Re7+ Kf8 51. Rb7 Ba6 52. Rb8+ Rc8 53. Rxc8+ Bxc8 54. Kd6 Ke8 55. Kc7 1-0

[Event "Groningen"]
[Site "Groningen"]
[Date "1992.??.??"]
[Round "4"]
[White "Hansen, Curt"]
[Black "Miles, Anthony J"]
[Result "1/2-1/2"]
[WhiteElo "2635"]
[BlackElo "2595"]
[PlyCount "59"]
[EventDate "1992.12.??"]
[Source "ChessBase"]

1. d4 Nf6 2. Nf3 g6 3. c4 Bg7 4. g3 c6 5. Nc3 d5 6. Qb3 O-O 7. Bg2 a5 8. cxd5 cxd5 9. O-O Nc6 10. Rd1 Ra6 11. Ne5 Rb6 12. Qa3 e6 13. Bf4 Bd7 14. Rac1 Re8 15. Bg5 h6 16. Nxd7 Qxd7 17. Na4 Rb4 18. Nc5 Qc7 19. Bxf6 Bxf6 20. e3 Be7 21. b3 Ra8 22. Nd3 Rb6 23. Qa4 Qd8 24. a3 Nb4 25. Ne5 Nc6 26. Nd3 Nb4 27. Nc5 Na6 28. Nd7 Rd6 29. Ne5 Kg7 30. Bf1 1/2-1/2

[Event "11 Open Aosta"]
[Site "Saint Vincent"]
[Date "2003.02.16"]
[Round "9"]
[White "Azmaiparashvili, Zurab"]
[Black "Rotstein, Arkadij"]
[Result "1-0"]
[WhiteElo "2678"]
[BlackElo "2544"]
[PlyCount "79"]
[EventDate "2003.02.08"]
[Source "Roberto Alvarez"]
[SourceDate "2003.02.17"]

1. g3 g6 2. Bg2 Bg7 3. d4 d5 4. Nf3 Nf6 5. c4 dxc4 6. Na3 c3 7. bxc3 c5 8. Qa4+ Bd7 9. Qb3 Bc6 10. Ne5 Bd5 11. Bxd5 Qxd5 12. O-O O-O 13. Rb1 Nc6 14. Qxd5 Nxd5 15. Nxc6 bxc6 16. Bb2 Nb6 17. Rfd1 Rfd8 18. Ba1 e6 19. Nc2 Bf8 20. Ne1 Rab8 21. Nd3 Nc4 22. dxc5 a5 23. Rb3 e5 24. Nb2 Rxd1+ 25. Nxd1 Rd8 26. Nb2 a4 27. Rb4 Na3 28. Nd3 e4 29. Rxe4 Nc2 30. Bb2 a3 31. Bc1 Rb8 32. Nb4 Bxc5 33. Bf4 Nxb4 34. Bxb8 Nxa2 35. Bf4 f5 36. Rc4 Bf8 37. Bd2 Bg7 38. Rxc6 Nb4 39. Rc8+ Kf7 40. Rc7+ 1-0

[Event "Amsterdam"]
[Site "?"]
[Date "2006.08.25"]
[Round "6"]
[White "Andersson Ulf"]
[Black "Karjakin Sergey"]
[Result "1/2-1/2"]
[WhiteElo "2542"]
[BlackElo "2679"]
[PlyCount "32"]
[EventDate "2006.??.??"]
[Source "www.chesslib.no"]
[SourceDate "2004.05.04"]

1. Nf3 Nf6 2. c4 g6 3. g3 Bg7 4. Bg2 d5 5. cxd5 Nxd5 6. O-O Nb6 7. d4 Nc6 8. e3 O-O 9. Bd2 Re8 10. Qe2 Bf5 11. Rd1 Qd7 12. Bc3 Rad8 13. Nbd2 Bg4 14. Qf1 Nd5 15. h3 Bxf3 16. Nxf3 Nxc3 1/2-1/2

[Event "Tel Aviv super 1st"]
[Site "Tel Aviv"]
[Date "1999.05.18"]
[Round "8"]
[White "Psakhis, Lev"]
[Black "Smirin, Ilia"]
[Result "1/2-1/2"]
[WhiteElo "2564"]
[BlackElo "2652"]
[PlyCount "22"]
[EventDate "1999.05.??"]
[Source "ChessBase"]
[SourceDate "1999.08.01"]

1. d4 Nf6 2. Nf3 g6 3. c4 Bg7 4. g3 O-O 5. Bg2 c6 6. Nc3 d5 7. cxd5 cxd5 8. Ne5 e6 9. Bg5 Qb6 10. Qd2 Nbd7 11. Bf4 Nxe5 1/2-1/2

[Event "tt"]
[Site "?"]
[Date "1997.??.??"]
[Round "3"]
[White "Ftacnik Lubomir"]
[Black "Glek Igor V"]
[Result "1/2-1/2"]
[WhiteElo "2595"]
[BlackElo "2620"]
[PlyCount "32"]
[EventDate "1997.??.??"]
[Source "www.chesslib.no"]
[SourceDate "2004.05.04"]

1. d4 Nf6 2. Nf3 g6 3. c4 Bg7 4. Nc3 O-O 5. g3 c6 6. Bg2 d5 7. Qb3 a5 8. cxd5 cxd5 9. O-O Nc6 10. Rd1 Ne4 11. Ne5 Nxd4 12. Rxd4 Nxc3 13. bxc3 Bxe5 14. Rxd5 Qc7 15. Bh6 Be6 16. Bxf8 Rxf8 1/2-1/2